Name the 2020 Jets Draft Class - Statistics

General Stats
  • This quiz has been taken 3 times
  • The average score is 6 of 9
Answer Stats
Round Position Name College % Correct
3 S Ashtyn Davis Cal
100%
2 WR Denzel Mims Baylor
100%
1 OT Mekhi Becton Louisville
100%
6 P Braden Mann Texas A&M
67%
5 CB Bryce Hall Virginia
67%
3 DE Jabari Zuniga Florida
67%
4 RB La'Mical Perine Florida
67%
4 QB James Morgan FIU
33%
4 OT Cameron Clark Charlotte
0%
No matching quizzes found
Score Distribution
Percent of People with Each Score
Percentile by Number Answered
Your Score History
You have not taken this quiz